Statistics for Poetry: Ozymandias

Click here to take the quiz!

General Stats

  • This quiz has been taken 130 times
  • The average score is 10 of 14

Answer Stats

Answer % Correct
I met a traveller from an antique {land}
99%
"My name is {Ozymandias}, king of kings:
96%
Who said: Two vast and trunkless {legs} of stone
83%
Look on my works, ye Mighty, and {despair}!"
82%
Stand in the {desert}. Near them on the sand,
81%
The lone and level sands stretch far {away}.
80%
{Nothing} beside remains: round the decay
77%
And on the pedestal these {words} appear:
72%
And wrinkled lip and sneer of {cold} command
68%
Half {sunk}, a shatter'd visage lies, whose frown
56%
Of that {colossal} wreck, boundless and bare,
47%
The hand that mock'd them and the {heart} that fed.
43%
Tell that its {sculptor} well those passions read
39%
Which yet survive, {stamp}'d on these lifeless things,
33%

Score Distribution

Percentile by Number Answered

Percent of People with Each Score

Your Score History

You have not taken this quiz